Nghệ thuật phục hồi và trẻ hóa làn da = Obagi skin health institute : Thực hành lâm sàng
Sách trình bày nguyên tắc và mục tiêu của phục hồi sức khỏe làn da; bôi thuốc đặc trị cho việc phục hồi làn da; hệ thống phân loại da zein obagi; nghệ thuật, khoa học và phương thức cho việc trẻ hóa làn da;......
Zapisane w:
| 1. autor: | |
|---|---|
| Format: | Książka |
| Język: | Vietnamese |
| Wydane: |
California
CRC Press
|
| Hasła przedmiotowe: | |
| Etykiety: |
Dodaj etykietę
Nie ma etykietki, Dołącz pierwszą etykiete!
|
| Thư viện lưu trữ: | Thư viện Trường Đại học Nam Cần Thơ |
|---|
| LEADER | 01172nam a22001937a 4500 | ||
|---|---|---|---|
| 001 | NCT_111991 | ||
| 008 | 220416b xxu||||| |||| 00| 0 vie d | ||
| 999 | |c 5692 |d 5692 | ||
| 082 | 0 | 4 | |2 23rd ed. |a 646.726 |b O12 |
| 100 | 1 | |a Obagi, Zein E. | |
| 245 | 1 | 0 | |a Nghệ thuật phục hồi và trẻ hóa làn da |b = Obagi skin health institute : Thực hành lâm sàng |c Zein E. Obagi |
| 260 | |a California |b CRC Press | ||
| 300 | |a 295 tr. |b Minh họa |c 27cm | ||
| 520 | 3 | |a Sách trình bày nguyên tắc và mục tiêu của phục hồi sức khỏe làn da; bôi thuốc đặc trị cho việc phục hồi làn da; hệ thống phân loại da zein obagi; nghệ thuật, khoa học và phương thức cho việc trẻ hóa làn da;... | |
| 653 | |a Y đa khoa | ||
| 942 | |2 ddc |c BK | ||
| 952 | |0 0 |1 0 |2 ddc |4 0 |6 646_726000000000000_O12 |7 0 |9 23198 |a 000001 |b 000001 |d 2022-04-16 |o 646.726 O12 |p MD.19327 |r 2022-04-16 |w 2022-04-16 |y BK | ||
| 952 | |0 0 |1 0 |2 ddc |4 0 |6 646_726000000000000_O12 |7 0 |9 23199 |a 000001 |b 000001 |d 2022-04-16 |o 646.726 O12 |p MD.19328 |r 2022-04-16 |w 2022-04-16 |y BK | ||
| 980 | |a Thư viện Trường Đại học Nam Cần Thơ | ||